000 00400nam a2200145Ia 4500
008 230917s9999||||xx |||||||||||||| ||und||
040 _e202461
_aMAIN
041 _aEnglish
082 _a327.51 L613S
100 _aLi, Mingjiang, ed.
245 0 _aSoft power: China's emerging strategy in international politics
260 _aLanham
_bLexington Books
_c2010
300 _avii, 275 p.
942 _cBK
999 _c171127
_d171127